Rose Bowl Game Participants - Statistics

General Stats
  • This quiz has been taken 159 times
  • The average score is 31 of 45
Answer Stats
# Year(s) Conf. Answer Record % Correct
34 1923, 1930, 1932, 1933, 19391940, 1944, 1945, 1946, 1948 1953, 1955, 1963, 1967, 1968 1969, 1970, 1973, 1974, 1975 1977, 1979, 1980, 1985, 1988 1989, 1990, 1996, 2004, 2006 2007, 2008, 2009, 2017 Pac-12 USC 25-9
98%
19 1902, 1948, 1951, 1965, 19701972, 1977, 1979, 1981, 1982
1987, 1989, 1990, 1992, 1993 1998, 2004, 2005, 2007
Big Ten Michigan 8-11
97%
8 1917, 1920, 1958, 1995, 20102012, 2015, 2020 Pac-12 Oregon 4-4
97%
15 1924, 1926, 1937, 1944, 19601961, 1964, 1978, 1981, 1982
1991, 1992, 1993, 2001, 2019
Pac-12 Washington 7-7-1
96%
7 1926, 1927, 1931, 1935, 19381946, 2021 SEC Alabama 5-1-1
95%
16 1921, 1950, 1955, 1958, 19691971, 1973, 1974, 1975, 1976
1980, 1985, 1997, 2010, 2019 2022
Big Ten Ohio State 9-7
95%
12 1943, 1947, 1954, 1956, 19621966, 1976, 1983, 1984, 1986 1994, 1999 Pac-12 UCLA 5-7
95%
1 1917 Ivy League Penn 0-1
90%
15 1902, 1925, 1927, 1928, 19341935, 1936, 1941, 1952, 1971
1972, 2000, 2013, 2014, 2016
Pac-12 Stanford 7-7-1
90%
10 1953, 1960, 1963, 1994, 19992000, 2011, 2012, 2013, 2020 Big Ten Wisconsin 3-7
90%
4 1916, 1931, 1998, 2003 Pac-12 Washington State 1-3
89%
5 1954, 1956, 1966, 1988, 2014 Big Ten Michigan State 4-1
87%
3 1942, 1957, 1965 Pac-12 Oregon State 1-2
87%
2 2005, 2006 Big 12 Texas 2-0
87%
5 1923, 1995, 2009, 2017, 2023 Big Ten Penn State 2-3
86%
8 1921, 1922, 1929, 1938, 19491950, 1951, 1959 Pac-12 California 2-5-1
85%
2 1925, 2021 Independent Notre Dame 1-1
85%
2 2022, 2023 Pac-12 Utah 0-2
85%
6 1957, 1959, 1982, 1986, 19912016 Big Ten Iowa 2-4
83%
1 2015 ACC Florida State 0-1
79%
2 1943, 2018 SEC Georgia 2-0
79%
5 1947, 1952, 1964, 1984, 2008 Big Ten Illinois 3-2
78%
2 2003, 2018 Big 12 Oklahoma 1-1
78%
1 1920 Ivy League Harvard 1-0
76%
2 1987, 1997 Pac-12 Arizona State 1-1
75%
1 1968 Big Ten Indiana 0-1
74%
1 1924 American Navy 0-0-1
74%
2 1967, 2001 Big Ten Purdue 1-1
74%
2 1961, 1962 Big Ten Minnesota 1-1
73%
2 1949, 1996 Big Ten Northwestern 1-1
70%
1 2002 ACC Miami 1-0
65%
2 1941, 2002 Big Ten Nebraska 0-2
65%
2 1939, 1942 ACC Duke 0-2
54%
2 1940, 1945 SEC Tennessee 0-2
51%
1 1916 Ivy League Brown 0-1
50%
4 1928, 1930, 1933, 1937 ACC Pittsburgh 1-3
49%
1 2011 Big 12 TCU 1-0
48%
1 1934 Ivy League Columbia 1-0
45%
1 1929 ACC Georgia Tech 1-0
43%
1 1936 American SMU 0-1
28%
1 1932 American Tulane 0-1
28%
1 1922 Presidents' (DIII) Washington & Jefferson 0-0-1
11%
2 1918, 1919 Service League Mare Island 1-1
6%
1 1918 Service League Camp Lewis 0-1
5%
1 1919 Service League Great Lakes 1-0
5%
No matching quizzes found
Score Distribution
Percent of People with Each Score
Percentile by Number Answered
Your Score History
You have not taken this quiz